000 00789nam a2200241 i 4500
003 DO-SdBNP
005 20250206120154.0
007 ta
008 240403e2009 sp ac||| |||| 00| 1 spa d
020 _a139780761847144
040 _aDO-SdBNP
_bspa
_cBNPHU
_erda
082 4 _axxx
_bA473t
_222
100 1 _aÀlvarez-López, Luis
_eautor
_4aut.
_984417
245 1 _aThe dominican republic and the beginning of a revolutionary cycle in the spanish caribbean :
_b1861-1898 /
_cLuis Àlvarez-López
264 1 _aNew York :
_bUniversity Press of America ,
_c2009.
300 _a102 páginas ;
_c24 cm
336 _atexto
_btxt
_2rdacontent
337 _asin medición
_bn
_2rdamedia
338 _avolumen
_bnc
_2rdacarrier
590 _aInventariado 2024/DG
910 _aDG
942 _2ddc
_cLBS1
999 _c56228
_d56228